[Event "Cologno Monzese op 26th"]
[Site "Cologno Monzese"]
[Date "2007.10.12"]
[Round "5"]
[White "Fornari, Sergio"]
[Black "Merlini, Luigi"]
[Result "1-0"]
[WhiteElo "1418"]
[BlackElo "1486"]
[PlyCount "43"]
[EventDate "2007.09.14"]
[EventType "swiss"]
[EventRounds "6"]
[EventCountry "ITA"]
[SourceTitle "EXT 2024"]
[Source "ChessBase"]
[SourceDate "2023.10.10"]
[SourceVersion "1"]
[SourceVersionDate "2023.10.10"]
[SourceQuality "1"]

1. d4 Nf6 2. Bg5 e6 3. Nd2 Be7 4. e3 d5 5. Ngf3 0-0 6. Bd3 Nbd7 7. Qe2 c5 8. c3 c4 9. Bc2 h6 10. Bxf6 Nxf6 11. e4 dxe4 12. Nxe4 Nxe4 13. Qxe4 f5 14. Qe2 b5 15. Ne5 Qe8 16. g4 Bf6 17. 0-0-0 Bxe5 18. Qxe5 Bb7 19. Rhg1 Bf3 20. gxf5 Rf7 21. fxe6 Re7 22. Qf5 1-0

[Event "Monza op"]
[Site "Monza"]
[Date "2006.03.26"]
[Round "6"]
[White "Acunzo, Domenico"]
[Black "Fornari, Sergio"]
[Result "1-0"]
[WhiteElo "1776"]
[BlackElo "1421"]
[PlyCount "100"]
[EventDate "2006.03.18"]
[EventType "swiss"]
[EventRounds "6"]
[EventCountry "ITA"]
[SourceTitle "EXT 2007"]
[Source "ChessBase"]
[SourceDate "2006.11.23"]
[SourceVersion "1"]
[SourceVersionDate "2006.11.23"]
[SourceQuality "1"]

1. e4 c6 2. d4 d5 3. exd5 cxd5 4. c4 Nf6 5. Nc3 g6 6. c5 a6 7. Bd3 Bg7 8. Nge2 Nc6 9. a3 0-0 10. 0-0 Re8 11. h3 e5 12. dxe5 Nxe5 13. Bf4 Nxd3 14. Qxd3 Bf5 15. Qd2 Qd7 16. Ng3 Rad8 17. Rad1 d4 18. Nce2 Ne4 19. Nxe4 Bxe4 20. Bd6 Be5 21. Bxe5 Rxe5 22. Qf4 Qf5 23. Qxf5 Bxf5 24. Rxd4 Rxd4 25. Nxd4 Rxc5 26. Rd1 Rd5 27. f3 h5 28. h4 Kh7 29. Kf2 Bd7 30. Ke3 f5 31. g3 Kg7 32. Rd2 Kf6 33. f4 Rd6 34. Nf3 Re6+ 35. Ne5 Bc6 36. Kd4 Rd6+ 37. Kc3 Rxd2 38. Kxd2 Kg7 39. Kc3 Be8 40. Kd4 Kf6 41. Kc5 a5 42. Kb6 a4 43. Kxb7 Bb5 44. Kb6 Be2 45. Ka5 Bd1 46. Nc4 Ke6 47. Nb6 Kd6 48. Nxa4 Bxa4 49. Kxa4 Kc6 50. b4 Kb6 1-0

[Event "Lombardia-ch"]
[Site "Monza"]
[Date "2005.05.22"]
[Round "6"]
[White "Fornari, Sergio"]
[Black "Madaschi, Sergio"]
[Result "1/2-1/2"]
[WhiteElo "1403"]
[BlackElo "1604"]
[PlyCount "79"]
[EventDate "2005.05.14"]
[EventType "swiss"]
[EventRounds "6"]
[EventCountry "ITA"]
[SourceTitle "EXT 2007"]
[Source "ChessBase"]
[SourceDate "2006.11.23"]
[SourceVersion "1"]
[SourceVersionDate "2006.11.23"]
[SourceQuality "1"]

1. d4 Nf6 2. Nf3 g6 3. Bf4 Bg7 4. e3 d6 5. Nbd2 0-0 6. Bd3 Nc6 7. c3 e5 8. Bg5 Qe8 9. Bxf6 Bxf6 10. d5 Ne7 11. e4 c6 12. c4 Bg7 13. Ng5 f6 14. Nh3 Bxh3 15. gxh3 Qd7 16. Bf1 f5 17. Be2 Bh6 18. exf5 Qxf5 19. Rf1 Qxh3 20. Bg4 Bxd2+ 21. Kxd2 Qh6+ 22. Kc3 cxd5 23. Be6+ Kh8 24. Bxd5 Rab8 25. Be6 Rfd8 26. f4 exf4 27. Qd4+ Qg7 28. Qxg7+ Kxg7 29. Rxf4 Rf8 30. Raf1 Rxf4 31. Rxf4 Rf8 32. Rxf8 Kxf8 33. Kd4 Kg7 34. b4 Kf6 35. Bh3 h5 36. c5 dxc5+ 37. bxc5 g5 38. Bg2 Nc6+ 39. Kc4 a6 40. Kb3 1/2-1/2